Central Library OPAC University of Rajshahi

Toward Islamization of disciplines / (Record no. 65969)

MARC details
000 -LEADER
fixed length control field 01531nam a2200325 a 4500
001 - CONTROL NUMBER
control field 65969
003 - CONTROL NUMBER IDENTIFIER
rucl marc code BD-RjUL
005 - DATE AND TIME OF LATEST TRANSACTION
control field 20211209081504.0
008 - FIXED-LENGTH DATA ELEMENTS--GENERAL INFORMATION
fixed length control field 170313s1989 vaua 100 0 eng
020 ## - INTERNATIONAL STANDARD BOOK NUMBER
International Standard Book Number 091246321X :
Terms of availability $19.50
International Standard Book Number 0912463120 (pbk.) :
Terms of availability $10.50
035 ## - SYSTEM CONTROL NUMBER
System control number (BD-RjUL)66099
040 ## - CATALOGING SOURCE
Original cataloging agency DLC
Transcribing agency DLC
Modifying agency BD-RjUL
Language of cataloging eng
041 ## - LANGUAGE CODE
Language code of text/sound track or separate title eng
082 00 - DEWEY DECIMAL CLASSIFICATION NUMBER
Classification number 001.0297
Edition number 23
Author mark and year TOW 1989
245 10 - TITLE STATEMENT
Title Toward Islamization of disciplines /
Statement of responsibility, etc. International Institute of Islamic Thought.
260 ## - PUBLICATION, DISTRIBUTION, ETC. (IMPRINT)
Place of publication, distribution, etc. Herndon, Va., USA :
Name of publisher, distributor, etc. International Institute of Islamic Thought,
Date of publication, distribution, etc. c1989.
300 ## - PHYSICAL DESCRIPTION
Pagination viii, 555 p. :
Illustrations ill. ;
Size 23 cm.
500 ## - GENERAL NOTE
General note Proceedings and selected papers of the Third International Conference of Islamization of Knowledge held in Kuala Lumpur, Malaysia, 27th Shawwal-2nd Dhu-al-Qi'dah, 1404 (July 26-31, 1984) in cooperation with the Ministry of Culture and Youth of Malaysia.
General note English and Arabic.
504 ## - BIBLIOGRAPHY, ETC. NOTE
Bibliography, etc Includes bibliographical references.
650 #0 - SUBJECT ADDED ENTRY--TOPICAL TERM
Topical term or geographic name as entry element Islamic learning and scholarship
General subdivision Congresses.
9 (RLIN) 195111
Topical term or geographic name as entry element Learning and scholarship
Geographic subdivision Islamic countries
General subdivision Congresses.
9 (RLIN) 195112
Topical term or geographic name as entry element Islam
Chronological subdivision 20th century
General subdivision Congresses.
9 (RLIN) 195113
651 #0 - SUBJECT ADDED ENTRY--GEOGRAPHIC NAME
Geographic name Islamic countries
General subdivision Intellectual life
-- Congresses.
9 (RLIN) 195114
710 2# - ADDED ENTRY--CORPORATE NAME
Corporate name or jurisdiction name as entry element International Institute of Islamic Thought.
9 (RLIN) 173229
Corporate name or jurisdiction name as entry element Malaysia.
Subordinate unit Kementerian Kebudayaan dan Belia.
9 (RLIN) 195115
711 ## - ADDED ENTRY--MEETING NAME
Meeting name or jurisdiction name as entry element International Conference of Islamization of Knowledge
Location of meeting Kuala Lumpur, Malaysia)
Date of meeting 1984
9 (RLIN) 195117
942 ## - ADDED ENTRY ELEMENTS (KOHA)
Source of classification or shelving scheme Dewey Decimal Classification
Koha item type Books
Holdings
Lost status Source of classification or shelving scheme Damaged status Not for loan Collection code Permanent Location Current Location Shelving location Date acquired Total Checkouts Full call number Date last seen Copy number Koha item type
  Dewey Decimal Classification   Not For Loan Non-fiction Central Library, University of Rajshahi Central Library, University of Rajshahi Reading Room 29/09/1996   001.0297 TOW 1989 13/03/2017 C-1 Books